| 000 | 01755nam a2200265Ia 4500 | ||
|---|---|---|---|
| 003 | OSt | ||
| 005 | 20210504131055.0 | ||
| 008 | 210310s1998 ck ad 000 0 spa d | ||
| 040 |
_aCO-JCMR _cCO-JCMR |
||
| 041 | 0 | _aspa | |
| 082 | 0 | 4 |
_a334.0919 / _bC748m _223 |
| 110 | 2 |
_aConfederación Latinoamericana de Cooperativas y Mutuales de Trabajadores COLACOT _937412 |
|
| 245 | 1 | 3 |
_aEl modelo de economía solidaria : _buna alternativa frente al neoliberalismo / _cConfederación Latinoamericana de Cooperativas y Mutuales de Trabajadores COLACOT |
| 260 |
_aBogotá : _bConfederación General de Trabajadores Democráticos, _c1998 |
||
| 300 |
_a467 páginas : _bilustraciones y gráficas a blanco y negro ; _c23 cm. |
||
| 500 | _a"Creación colectiva de autores comprometidos con el humanismo"--Portada | ||
| 504 | _aBibliografía: página 467 | ||
| 505 | 0 | _aElementos ideológicos y políticos del modelo de economía solidaria -- El desarrollo del sector solidario hacia un modelo alternativo de economía nacional-Planificación macroeconómica de mediano plazo -- Marco jurídico del modelo de economía solidaria | |
| 520 | 3 | _aUn millón de amigos de la economía solidaria, es un movimiento impulsado por COLACOT y la Escuela Latinoamericana de Economía Solidaria "ELES", destinado a la promoción, fomento y desarrollo de la Economía Solidaria en América Latina, al cual se pueden vincular todas las personas que sueñan y trabajan por una sociedad en libertad, con justicia, democracia y solidaridad. | |
| 650 | 1 | 4 |
_aEconomía solidaria _915426 _zColombia |
| 650 | 2 | 4 |
_aNeoliberalismo _zColombia _937413 |
| 651 | 2 |
_aAmérica Latina _xCondiciones sociales _99842 |
|
| 651 | 2 |
_2América Latina _xCondiciones económicas _937414 |
|
| 942 |
_2ddc _cBK |
||
| 999 |
_c7776 _d7776 |
||